000 01131cam a22003135a 4500
001 15890514
003 EG-ScBUE
005 20250114133956.0
008 090902s2009 enka f b 001 0 eng d
020 _a9780521828499 (hbk.)
020 _a052182849X (hbk.)
040 _aUKM
_beng
_erda
_cUKM
_dEG-ScBUE
082 0 4 _a521.4
_bLYT
_222
100 1 _aLyth, D. H.
_q(David Hilary)
_eauthor.
245 1 4 _aThe primordial density perturbation :
_bcosmology, inflation and the origin of structure /
_cDavid H. Lyth, University of Lancaster, Andrew R. Liddle, University of Sussex.
264 1 _aCambridge ;
_aNew York :
_bCambridge University Press,
_c2009.
300 _axviii, 497 pages :
_billustrations ;
_c25 cm
336 _2rdacontent
_atext
_btxt
337 _2rdamedia
_aunmediated
_bn
338 _2rdacarrier
_avolume
_bnc
504 _aIncludes bibliographical references and index.
650 7 _aPerturbation (Astronomy)
_2BUEsh
650 7 _aInflationary universe.
_2BUEsh
651 _2BUEsh
653 _bENGGEN
_cJune2015
655 _vReading book
700 1 _aLiddle, Andrew R.,
_eauthor.
942 _2ddc
_cBB
999 _c19534
_d19506